000 01024nam a2200289 i 4500
001 000017510
003 DO-SdBNP
005 20241206085813.0
007 ta
008 100326s20uu dr a 001 0 spa d
040 _aDO-SdBNP
_bspa
_cBNPHU
_erda
082 _bC766c
_222
111 1 _aconvención intermericana para prevenir, sancionar y erradicar la violencia contra la mujer
_c(Santo Domingo)
_938236
245 1 0 _aConectando contra la violencia /
_ccoordinadora Gloria Muñiz.
264 1 _aSanto Domingo :
_bSecretaría de Estado de la Mujer,
_c[201-].
300 _a64 páginas
_bilustraciones
_c27 cm.
336 _2rdacontent
_atexto
_btxt
337 _2rdamedia
_asin mediación
_bn
338 _2rdacarrier
_avolumen
_bnc
500 _aVersión explicativa.
504 _aBibliografía p: 64
590 _aInventariado, 2024/ YL
700 1 _aMuñiz, Gloria
_ecoordinadora
_938237
710 1 _aRepública Dominicana.
_bSecretaría de Estado de la Mujer
_938238
910 _aYLockward
942 _2ddc
_cLBS1
999 _c17035
_d17035